000 00970nam a22002537a 4500
003 dpl
005 20180814122745.0
008 180814b xxu||||| |||| 00| 0 eng d
010 _aB-218466
020 _c295.00
_a8187471093
035 _aB-218466, B-218470
037 _bCen Lib/Ret
040 _aDPL
_bEN
_c0
082 _a215
_bPRI
100 _aPriyadarshi, P.
_912280
245 _aIndia's contributions to the west :
_cby P. Priyadarshi
_b the story of origin of mathematics, science and philosophy in India and its dispersal to the west leading to development of modern age /
260 _aIndia
_bStandard Publishers
_c2004
270 _bNew Delhi
_aG-126/2, Rajapuri Main Road, Uttam Nagar
_e110059
300 _axxii,165p.
_c22cm(Hb)
500 _aIncludes bibliographical references and index
650 _aCivilization, Western -- Indic influences
_912281
650 _aIndia -- Civilization
_912282
942 _2ddc
_cEN
_h215
_mPRI
999 _c124889
_d124889